00291pab a2200133 454500008004000000100001400040245001300054260000900067300000800076362001000084650002000094650002900114773001400143180718b1999 xxu||||| |||| 00| 0 eng d aRoy, A.K. aQuit WTO c1999 ap.6 a1 May aEconomic reform aWorld trade organization aStatesman